Reducción de la jornada laboral : (Registro nro. 6402)
[ vista simple ]
| 000 -LEADER | |
|---|---|
| fixed length control field | 01273nab a22002297a 4500 |
| 003 - CONTROL NUMBER IDENTIFIER | |
| control field | OSt |
| 005 - DATE AND TIME OF LATEST TRANSACTION | |
| control field | 20260201181326.0 |
| 008 - FIXED-LENGTH DATA ELEMENTS--GENERAL INFORMATION | |
| fixed length control field | 190506c xxu||||| |||| 00| 0 spa d |
| 040 ## - CATALOGING SOURCE | |
| Transcribing agency | PJ |
| 100 ## - MAIN ENTRY--PERSONAL NAME | |
| 9 (RLIN) | 7040 |
| Personal name | Bergonzelli, Agustina |
| 245 10 - TITLE STATEMENT | |
| Title | Reducción de la jornada laboral : |
| Remainder of title | una salida posible para los deberes de cuidado compartidos / |
| Statement of responsibility, etc | Agustina Bergonzelli. |
| 260 ## - PUBLICATION, DISTRIBUTION, ETC. (IMPRINT) | |
| Place of publication, distribution, etc | Buenos Aires : |
| Name of publisher, distributor, etc | AbeledoPerrot, |
| Date of publication, distribution, etc | 2023. |
| 300 ## - PHYSICAL DESCRIPTION | |
| Extent | p. 9-16 |
| 500 ## - GENERAL NOTE | |
| General note | Cita: TR LALEY AR/DOC/2417/2023 |
| 505 ## - FORMATTED CONTENTS NOTE | |
| Formatted contents note | Sumario: I. Definición y criterios de calificación.— II. Régimen legal de Jornada en la Argentina.— III. Convenios de OIT sobre Jornada.— IV. Proyectos de ley sobre reducción de jornada.— V. Algunos estudios científicos y datos objetivos sobre el tema.— VI. Deberes de cuidado compartidos. Avances y su relación con la reducción de Jornada.— VII. Conclusiones y reflexión. |
| 505 ## - FORMATTED CONTENTS NOTE | |
| Title | ¿Te interesa el texto completo? Comunicate al correo: koha@justierradelfuego.gov.ar |
| 650 #0 - SUBJECT ADDED ENTRY--TOPICAL TERM | |
| 9 (RLIN) | 1316 |
| Topical term or geographic name as entry element | DERECHO LABORAL |
| 650 #0 - SUBJECT ADDED ENTRY--TOPICAL TERM | |
| 9 (RLIN) | 1323 |
| Topical term or geographic name as entry element | CONTRATO DE TRABAJO |
| 650 #0 - SUBJECT ADDED ENTRY--TOPICAL TERM | |
| 9 (RLIN) | 1402 |
| Topical term or geographic name as entry element | JORNADA DE TRABAJO |
| 773 0# - HOST ITEM ENTRY | |
| Host Biblionumber | 2751 |
| Host Itemnumber | 3202 |
| Place, publisher, and date of publication | Buenos Aires : AbeledoPerrot, 2013- |
| Title | Revista de derecho laboral y seguridad social. Nº 22 - Noviembre 2023 |
| 942 ## - ADDED ENTRY ELEMENTS (KOHA) | |
| Source of classification or shelving scheme | |
| Koha item type | Analítica Artículo de Revista |
No hay ítems disponibles.
